Mystery Taylor Swift Song #142 - Statistics

General Stats
  • This quiz has been taken 191 times
    147 since last reset
  • The average score is 43 of 130
Answer Stats
Song % Correct
I
86%
the
80%
Single
79%
yo
79%
yo!
79%
"yo"
79%
a
78%
You
78%
me
73%
to
73%
and
71%
"I'm
69%
I'm
69%
in
69%
my
67%
No
64%
It's
63%
on
63%
like
62%
that
62%
who
58%
don't
57%
at
56%
By
54%
are
53%
can
53%
so
53%
But
51%
What?
48%
What!
48%
just
46%
was
46%
never
45%
had
44%
all
43%
been
43%
wanna
43%
with
43%
night
40%
said
40%
'Cause
39%
say
39%
didn't
38%
live
38%
out
38%
got
36%
thug
36%
She
35%
now
34%
thought
34%
up
34%
really
33%
tell
33%
them
33%
Still
31%
made
30%
time
30%
story
29%
well
29%
about
28%
hair
28%
rap
28%
Thug Story
28%
club
27%
foot
27%
ain't
26%
baking
26%
cookies
26%
eight
26%
find
26%
floor
26%
get
26%
parents
26%
rapping
26%
dream
25%
blonde
24%
four
23%
hardcore
23%
make
23%
gangsta
22%
Caramel
21%
fight
21%
gun
20%
same
20%
T-Pain
20%
last
19%
call
18%
even
18%
track
18%
clubbing
17%
Shorty
16%
take
16%
T-Swift
16%
boat"
15%
Delights
15%
dreamed
15%
handle
15%
Hey
15%
shorties
15%
white
15%
anything
14%
high
14%
star
14%
tee
14%
extra
13%
singing
13%
small
13%
top
13%
hold
12%
swear
12%
diamonds
11%
mouth
11%
singer
11%
bleeped
10%
turned
10%
ya
10%
knit
9%
Nikes
9%
rapper
9%
Straight
9%
woke
9%
guys
8%
I'ma
8%
mic
8%
sweaters
8%
test
8%
Hello?
7%
Ugh!
7%
Sweezy
3%
No matching quizzes found
Score Distribution
Percent of People with Each Score
Percentile by Number Answered
Your Score History
You have not taken this quiz since the last reset